00000000nam 2200000zi 4500
0019.867726
003CaOODSP
00520241203113645
006m     o  d f      
007cr nn|||||||||
008190129s1987    onca    ob   f000 0 eng d
040 |aCaOODSP|beng|erda|cCaOODSP
041 |aeng|bfre
043 |an-cn---
0861 |aEn13-5/87-12E-PDF
1001 |aLuk, Grace King Yan, |d1961- |eauthor.
24510|aMathematical model of unsteady-state pollutants transported in natural streams / |cby G.K.Y. Luk and Y.L. Lau.
264 1|aBurlington, Ontario : |bHydraulics Division, National Water Research Institute, Canada Centre for Inland Waters, |c1987.
300 |a1 online resource (8 unnumbered pages) : |billustrations.
336 |atext|btxt|2rdacontent
337 |acomputer|bc|2rdamedia
338 |aonline resource|bcr|2rdacarrier
4901 |aNWRI contribution ; |v87-12
500 |aCover title.
500 |a"This paper has been submitted to the 22nd IAHR Congress to be held in Lausanne, Switzerland, August 31-September 4, 1987. This report is to provide information prior to publication and the contents are subject to change."
500 |a"February 1987."
500 |aDigitized edition from print [produced by Environment and Climate Change Canada].
504 |aIncludes bibliographical references.
520 |a"A mathematical model which predicts the transverse and longitudinal spreading of unsteady-state pollutants released into natural streams has been developed. The numerical scheme, structure and testing of the model have been discussed"--Summary.
546 |aIncludes summary in French.
693 4|aStreamflow--Mathematical models
693 4|aWater--Pollution--Mathematical models
7001 |aLau, Y. L., |eauthor.
7101 |aCanada. |bEnvironment Canada.
7102 |aNational Water Research Institute (Canada). |bHydraulics Division.
830#0|aNWRI contribution ;|v87-12.|w(CaOODSP)9.844121
85640|qPDF|s736 KB|uhttps://publications.gc.ca/collections/collection_2019/eccc/En13-5-87-12-eng.pdf